| 000 | nam a22 7a 4500 | ||
|---|---|---|---|
| 999 |
_c7698 _d7698 |
||
| 005 | 20190715022319.0 | ||
| 008 | 190715b xxu||||| |||| 00| 0 eng d | ||
| 020 |
_a9715902014 _bpaperback |
||
| 040 |
_beng _cAPEC Schools Library _erda |
||
| 082 |
_aC 223.106 _bR636j 1996 |
||
| 100 | _aRohr, Richard | ||
| 245 |
_aJob and the mystery of suffering / _cRichard Rohr |
||
| 264 |
_aPasay City : _bPaulines Publishing House, _c©1996. |
||
| 300 | _a189 pages ; | ||
| 336 |
_2rdacontent _atext |
||
| 337 |
_2rdamedia _aunmediated |
||
| 338 |
_2rdacarrier _avolume |
||
| 650 | _aBible--Job. | ||
| 650 | _aSuffering--Biblical teaching. | ||
| 942 |
_2ddc _cNFIC |
||